Газетные вырезки за 1914 год

Доступно только в Электронных читальных залах Найти на картеНа карте
RUSMARC
00003492nmc2a22002413x 450
001c9555386-8dc6-44be-ae8e-87ed7cf69cba
00520240503164104.0
100##$a20221222l19141914k l0rusy0189 ca
1010#$arus
102##$aRU
105##$ay###
1222#$ad
2001#$aГазетные вырезки за 1914 год
$j1914 г.
215##$a396 л.
$d33х22,5 см
251##$cДело
300##$aДело
371##$aДокумент не является опубликованным и широко распространяемым
461#0$1001a74412a3-3cc5-4d21-8f0a-dfe2fbd9e72d
$12001
$aДепартамент народного просвещения Министерства народного просвещения (1803-1917)
$1251
$cФонд
$1852
$j733
462#0$1001eee5cd01-9790-469a-9945-6bffddbc7761
$12001
$aРазряд общих дел
$1251
$cОпись
$1852
$j228
801#0$aRU
$bРГИА
$c20221222
$gRCR
801#1$aRU
$bГлавНИВЦ
$c20221222
$2rusmarc
801#2$aRU
$bПБ им. Б.Н. Ельцина
$c20240503
$gRCR
$2rusmarc
850##$aРГИА
852##$aРГИА
$eФедеральное казенное учреждение "Российский государственный исторический архив" (РГИА)
$j153
937##$hРГИА
$d12396382
$aASBIBLIO_SCAN
035##$aRusGRCC00070050
856##$uhttp://readingroom.main.prlib.ru/item.aspx?id_node=n191954243&mode=full
Формат отображения